[Event "Ruhrgebiet Verbandsbezirksliga Gr 1"]
[Site "Ruhrgebiet"]
[Date "2018.11.11"]
[Round "3.6"]
[White "Romstadt, Dirk"]
[Black "Schreiber, Alfred"]
[Result "1-0"]
[WhiteElo "1689"]
[BlackElo "1729"]
[PlyCount "60"]
[EventDate "2018.09.30"]
[EventType "team-tourn"]
[EventRounds "9"]
[EventCountry "GER"]
[SourceTitle "EXT 2022"]
[Source "ChessBase"]
[SourceDate "2021.10.06"]
[SourceVersion "1"]
[SourceVersionDate "2021.10.06"]
[SourceQuality "1"]
[WhiteTeam "Boenen SV II"]
[BlackTeam "Werne SK"]
[WhiteTeamCountry "GER"]
[BlackTeamCountry "GER"]

1. d4 Nf6 2. Nf3 g6 3. c4 Bg7 4. Nc3 d5 5. e3 0-0 6. Be2 c6 7. 0-0 dxc4 8. Bxc4 b5 9. Be2 Bb7 10. Bd2 Na6 11. Rc1 Rc8 12. Ne5 Nc7 13. Bf3 Ne6 14. Nxb5 Nd5 15. Nxa7 Ra8 16. Naxc6 Qd6 17. Bxd5 Bxc6 18. Nxc6 Rfd8 19. Bb3 Ra6 20. Nb4 Rb6 21. Nd3 Ng5 22. Nc5 h6 23. f4 Nh7 24. Ne4 Qb8 25. Rf3 e6 26. Bc3 Qa8 27. Nc5 g5 28. fxg5 Nxg5 29. Rg3 Kh8 30. Qh5 f6 1-0

[Event "Ruhrgebiet Bezirksliga 15/16"]
[Site "Ruhrgebiet"]
[Date "2015.09.20"]
[Round "2.6"]
[White "Wolf, Wolfgang"]
[Black "Schreiber, Alfred"]
[Result "1-0"]
[WhiteElo "1665"]
[BlackElo "1778"]
[PlyCount "61"]
[EventDate "2015.08.30"]
[EventType "team-tourn"]
[EventRounds "9"]
[EventCountry "GER"]
[SourceTitle "EXT 2022"]
[Source "ChessBase"]
[SourceDate "2021.10.06"]
[SourceVersion "1"]
[SourceVersionDate "2021.10.06"]
[SourceQuality "1"]
[WhiteTeam "Werl SC 1981"]
[BlackTeam "Werne SK"]
[WhiteTeamCountry "GER"]
[BlackTeamCountry "GER"]

1. b3 c5 2. Bb2 d6 3. e3 Nc6 4. Nf3 e5 5. d3 g6 6. Be2 Bg7 7. 0-0 Nge7 8. e4 0-0 9. c4 h6 10. Nc3 Kh7 11. Nd2 Nd4 12. Nd5 Nxe2+ 13. Qxe2 Nxd5 14. cxd5 f5 15. Nc4 Qe7 16. a4 b6 17. Rae1 Rf7 18. f4 fxe4 19. dxe4 Rxf4 20. Rxf4 exf4 21. Bxg7 Kxg7 22. Qb2+ Kh7 23. e5 Bb7 24. Qd2 dxe5 25. Rxe5 Qg7 26. d6 Rf8 27. Re7 Rf7 28. Rxf7 Qxf7 29. d7 f3 30. d8Q fxg2 31. Q8d7 1-0

[Event "NRW Verbandsklasse Group1 1314"]
[Site "Nordrheinwestfalen"]
[Date "2014.01.26"]
[Round "6.6"]
[White "Schreiber, Alfred"]
[Black "Buthmann, Ralf"]
[Result "1/2-1/2"]
[WhiteElo "1754"]
[BlackElo "1781"]
[PlyCount "30"]
[EventDate "2013.09.08"]
[EventType "team-tourn"]
[EventRounds "9"]
[EventCountry "GER"]
[SourceTitle "EXT 2020"]
[Source "ChessBase"]
[SourceDate "2019.10.17"]
[SourceVersion "1"]
[SourceVersionDate "2019.10.17"]
[SourceQuality "1"]
[WhiteTeam "Werne SK"]
[BlackTeam "Koenigsspringer Haltern"]
[WhiteTeamCountry "GER"]
[BlackTeamCountry "GER"]

1. c4 c5 2. Nc3 b6 3. d3 e6 4. e4 g6 5. g3 Bg7 6. Bg2 Bb7 7. Nge2 Ne7 8. 0-0 0-0 9. f4 Nbc6 10. h3 a6 11. Kh2 Qc7 12. Rb1 Rad8 13. b3 d6 14. Bb2 f5 15. Ng1 Nd4 1/2-1/2

[Event "NRW Verbandsklasse Group1 1314"]
[Site "Nordrheinwestfalen"]
[Date "2013.11.24"]
[Round "4.4"]
[White "Schreiber, Alfred"]
[Black "Althoff, Christoph"]
[Result "1/2-1/2"]
[WhiteElo "1754"]
[BlackElo "1895"]
[PlyCount "43"]
[EventDate "2013.09.08"]
[EventType "team-tourn"]
[EventRounds "9"]
[EventCountry "GER"]
[SourceTitle "EXT 2020"]
[Source "ChessBase"]
[SourceDate "2019.10.17"]
[SourceVersion "1"]
[SourceVersionDate "2019.10.17"]
[SourceQuality "1"]
[WhiteTeam "Werne SK"]
[BlackTeam "Oberhausen SV III"]
[WhiteTeamCountry "GER"]
[BlackTeamCountry "GER"]

1. c4 e5 2. Nc3 Nf6 3. g3 Nc6 4. Bg2 Bc5 5. e3 d5 6. cxd5 Nb4 7. d3 Nbxd5 8. Nge2 0-0 9. 0-0 c6 10. h3 Nb4 11. d4 exd4 12. exd4 Be7 13. a3 Nbd5 14. Nf4 Nxf4 15. Bxf4 Be6 16. Kh2 Qd7 17. Be3 Rad8 18. Rc1 Nd5 19. Ne4 Nxe3 20. fxe3 Bd5 21. Qh5 Qe6 22. Qf5 1/2-1/2

[Event "Ruhrgebiet VL2 0708"]
[Site "Germany"]
[Date "2007.10.21"]
[Round "2.4"]
[White "Schneider, Hans Joachim"]
[Black "Schreiber, Alfred"]
[Result "1/2-1/2"]
[WhiteElo "1856"]
[BlackElo "1802"]
[PlyCount "46"]
[EventDate "2007.09.02"]
[EventType "team"]
[EventRounds "9"]
[EventCountry "GER"]
[SourceTitle "EXT 2009"]
[Source "ChessBase"]
[SourceDate "2008.11.26"]
[SourceVersion "1"]
[SourceVersionDate "2008.11.26"]
[SourceQuality "1"]
[WhiteTeam "Bottrop"]
[BlackTeam "Werne SK"]
[WhiteTeamCountry "GER"]
[BlackTeamCountry "GER"]

1. c4 e6 2. Nc3 Nf6 3. g3 d5 4. cxd5 Nxd5 5. Bg2 Nc6 6. Nf3 Be7 7. 0-0 0-0 8. e4 Nb6 9. d4 a6 10. Bf4 Bf6 11. e5 Be7 12. Rc1 Nd5 13. Nxd5 exd5 14. Qc2 Bg4 15. Be3 Qd7 16. Rfe1 Bf5 17. Qb3 Nb4 18. Bf1 Rab8 19. a3 Nc6 20. Qc3 Rfc8 21. Bxa6 bxa6 22. Qxc6 Rxb2 23. Qxa6 Rbb8 1/2-1/2

[Event "Ruhrgebiet VL1 0405"]
[Site "Ruhrgebiet"]
[Date "2005.03.13"]
[Round "8.7"]
[White "Schreiber, Alfred"]
[Black "Mackowiak, Sascha"]
[Result "1/2-1/2"]
[WhiteElo "1821"]
[BlackElo "1792"]
[PlyCount "48"]
[EventDate "2004.09.12"]
[EventType "team"]
[EventRounds "9"]
[EventCountry "GER"]
[SourceTitle "EXT 2006"]
[Source "ChessBase"]
[SourceDate "2005.11.24"]
[SourceVersion "1"]
[SourceVersionDate "2005.11.24"]
[SourceQuality "1"]
[WhiteTeam "Werne SK"]
[BlackTeam "Bochum SV 02"]
[WhiteTeamCountry "GER"]
[BlackTeamCountry "GER"]

1. c4 f5 2. Nc3 Nf6 3. g3 g6 4. Bg2 Bg7 5. e3 0-0 6. Nge2 e5 7. d3 d6 8. 0-0 c6 9. h3 Na6 10. Kh2 Bd7 11. Rb1 Qe8 12. f4 Rb8 13. b3 b5 14. cxb5 cxb5 15. Qd2 Nc7 16. Bb2 b4 17. Nd1 a5 18. Rc1 Nb5 19. fxe5 dxe5 20. Rc5 Nh5 21. Nf2 Qe7 22. Rc2 Rbc8 23. Bd5+ Be6 24. Bc4 Nd6 1/2-1/2

[Event "Ruhrgebiet VK3 0001"]
[Site "Ruhrgebiet"]
[Date "2001.03.18"]
[Round "7"]
[White "Tenschert, Hartmut"]
[Black "Schreiber, Alfred"]
[Result "1/2-1/2"]
[WhiteElo "1818"]
[BlackElo "1843"]
[PlyCount "111"]
[EventDate "2000.09.17"]
[EventType "team-tourn"]
[EventRounds "9"]
[EventCountry "GER"]
[SourceTitle "EXT 2023"]
[Source "ChessBase"]
[SourceDate "2022.10.05"]
[SourceVersion "1"]
[SourceVersionDate "2022.10.05"]
[SourceQuality "1"]
[WhiteTeam "Castrop Rauxel III"]
[BlackTeam "Werne SK"]
[WhiteTeamCountry "GER"]
[BlackTeamCountry "GER"]

1. d4 Nf6 2. Nf3 g6 3. Bg5 Bg7 4. Nbd2 d5 5. e3 0-0 6. Bd3 Bg4 7. h3 Bxf3 8. Nxf3 c5 9. c3 c4 10. Bc2 Nbd7 11. 0-0 Qb6 12. Qb1 Qc6 13. Re1 e6 14. Nd2 Nb6 15. Bf4 Nfd7 16. Nf3 Rad8 17. e4 dxe4 18. Bxe4 Nd5 19. Qc1 N7f6 20. Ne5 Qb5 21. a4 Qa6 22. Bh6 Rc8 23. Bc2 Qd6 24. Qd2 Rfe8 25. Bxg7 Kxg7 26. Qh6+ Kg8 27. a5 b5 28. axb6 Qxb6 29. Ra2 Re7 30. Rea1 Rcc7 31. g3 Nd7 32. Nf3 f6 33. h4 Nf8 34. Be4 Qd6 35. Ra6 Nb6 36. R1a5 Qd8 37. Nh2 e5 38. dxe5 fxe5 39. Kg2 Qd7 40. Bf3 e4 41. Bg4 Qc6 42. Kh3 Ne6 43. Qe3 Nc5 44. Rxa7 Rxa7 45. Rxc5 Qf6 46. Be2 Rad7 47. Ng4 Qd6 48. Qg5 Kf8 49. Nf6 Rb7 50. Bg4 Kg7 51. Nh5+ Kh8 52. Nf6 Rf7 53. Nxe4 Qd3 54. Qe5+ Kg8 55. Qe8+ Kg7 56. Qe5+ 1/2-1/2

[Event "Ruhrgebiet VK3 0001"]
[Site "Ruhrgebiet"]
[Date "2001.01.28"]
[Round "5"]
[White "Schreiber, Alfred"]
[Black "Kneip, Karl"]
[Result "1/2-1/2"]
[WhiteElo "1843"]
[BlackElo "1879"]
[PlyCount "86"]
[EventDate "2000.09.17"]
[EventType "team-tourn"]
[EventRounds "9"]
[EventCountry "GER"]
[SourceTitle "EXT 2023"]
[Source "ChessBase"]
[SourceDate "2022.10.05"]
[SourceVersion "1"]
[SourceVersionDate "2022.10.05"]
[SourceQuality "1"]
[WhiteTeam "Werne SK"]
[BlackTeam "Horst Emscher"]
[WhiteTeamCountry "GER"]
[BlackTeamCountry "GER"]

1. c4 c5 2. Nc3 e6 3. g3 Nf6 4. Bg2 Be7 5. e4 d6 6. Nge2 0-0 7. 0-0 a6 8. d3 Nbd7 9. h3 Rb8 10. a4 b6 11. Kh2 Qc7 12. f4 Ne8 13. f5 Bf6 14. Nf4 Bxc3 15. fxe6 Ndf6 16. exf7+ Rxf7 17. bxc3 g6 18. Nd5 Nxd5 19. cxd5 Rxf1 20. Qxf1 Qg7 21. Bb2 Rb7 22. Qe2 Rf7 23. c4 Qf8 24. Rf1 Rxf1 25. Bxf1 Bd7 26. Kg2 Bxa4 27. e5 dxe5 28. Qxe5 Ng7 29. Qc7 Bd1 30. Kg1 Nf5 31. Qxb6 Nxg3 32. Qe6+ Qf7 33. Qc8+ Qf8 34. Qxf8+ Kxf8 35. Ba3 Bc2 36. Bxc5+ Ke8 37. Bg2 Bxd3 38. d6 Kd7 39. Bd5 Nf5 40. Bb4 Nxd6 41. c5 Nc8 42. Kf2 Ne7 43. Bg2 Bb5 1/2-1/2